Požární bezpečnost domu /

Uloženo v:
Podrobná bibliografie
Hlavní autor: Bradáčová, Isabela 1942- (Autor)
Médium: Kniha
Jazyk:čeština
Vydáno: Brno : ERA group, 2008
Vydání:2. aktual. vyd.
Edice:Stavíme
Témata:
ISBN:9788073661281
On-line přístup: Získat plný text
Tagy: Přidat tag
Žádné tagy, Buďte první, kdo vytvoří štítek k tomuto záznamu!

MARC

LEADER 00000nam a2200000 4500
003 SK-BrCVT
005 20220621172442.0
008 090805s2008 xr e ||||||cze d
020 |a 9788073661281 
035 |a CVTIDW1503533 
040 |b slo  |a CVTI SR  |e AACR2 
041 0 |a cze 
044 |a xr 
080 |a 699.81  |2 UDC-MRF 
080 |a 728  |2 UDC-MRF 
100 1 |a Bradáčová, Isabela  |d 1942-,  |4 aut 
245 1 0 |a Požární bezpečnost domu /  |c Isabela Bradáčová 
250 |a 2. aktual. vyd. 
260 |a Brno :  |b ERA group,  |c 2008 
300 |a VI, 129 s., príl. :  |b grafy, lit., obr., tab. ; 
490 1 |a Stavíme 
500 |a Stavba 
653 1 |a požiarna bezpečnosť  |a protipožiarna ochrana  |a stavebná konštrukcia  |a rodinný dom  |a technické zariadenie budov 
760 1 |t Stavíme 
910 |a BA002  |b A608599 
919 |a 978-80-7366-128-1 
974 |f Knihy 
992 |a APP 
999 |c 195603  |d 195603